000 00294nam a2200109Ia 4500
001 588980
005 20250717120840.0
008 250717s9999 xx 000 0 und d
245 0 _aU-9 BİLALİ HABEŞİ
_cAMİNE KEVSER KARACA
260 _bTÜRKİYE DİYANET VAKFI YAYINLARI
_c2020
300 _b14
999 _c588980
_d588980